MARC details
| 000 -LEADER |
| fixed length control field |
03429nam a22005175i 4500 |
| 005 - DATE AND TIME OF LATEST TRANSACTION |
| control field |
20230718140444.0 |
| 006 - FIXED-LENGTH DATA ELEMENTS--ADDITIONAL MATERIAL CHARACTERISTICS |
| fixed length control field |
m|||||o||d|||||||| |
| 007 - PHYSICAL DESCRIPTION FIXED FIELD--GENERAL INFORMATION |
| fixed length control field |
cr || |||||||| |
| 008 - FIXED-LENGTH DATA ELEMENTS--GENERAL INFORMATION |
| fixed length control field |
210202t20142014pl fo d z eng d |
| 019 ## - |
| -- |
(OCoLC)1013958358 |
| 020 ## - INTERNATIONAL STANDARD BOOK NUMBER |
| International Standard Book Number |
9788376560595 |
| 040 ## - CATALOGING SOURCE |
| Original cataloging agency |
DE-B1597 |
| Language of cataloging |
eng |
| Transcribing agency |
DE-B1597 |
| Description conventions |
rda |
| 041 0# - LANGUAGE CODE |
| Language code of text/sound track or separate title |
eng |
| 050 #4 - LIBRARY OF CONGRESS CALL NUMBER |
| Classification number |
U42 |
| 082 04 - DEWEY DECIMAL CLASSIFICATION NUMBER |
| Field link and sequence number |
9p |
| Classification number |
330 |
| Assigning agency |
DE-101 |
| 100 1# - MAIN ENTRY--PERSONAL NAME |
| Personal name |
Teng, Jimmy, |
| Relator term |
author. |
| Relator code |
aut |
| -- |
http://id.loc.gov/vocabulary/relators/aut |
| 245 10 - TITLE STATEMENT |
| Title |
Musket, Map and Money: : |
| Remainder of title |
How Military Technology Shaped Geopolitics and Economics / |
| Statement of responsibility, etc. |
Jimmy Teng. |
| 264 #1 - PRODUCTION, PUBLICATION, DISTRIBUTION, MANUFACTURE, AND COPYRIGHT NOTICE |
| Place of production, publication, distribution, manufacture |
Warsaw ; |
| -- |
Berlin : |
| Name of producer, publisher, distributor, manufacturer |
De Gruyter Open Poland, |
| Date of production, publication, distribution, manufacture, or copyright notice |
[2014] |
| 264 #4 - PRODUCTION, PUBLICATION, DISTRIBUTION, MANUFACTURE, AND COPYRIGHT NOTICE |
| Date of production, publication, distribution, manufacture, or copyright notice |
©2014 |
| 300 ## - PHYSICAL DESCRIPTION |
| Extent |
1 online resource (196 p.) |
| 336 ## - CONTENT TYPE |
| Content type term |
text |
| Content type code |
txt |
| Source |
rdacontent |
| 337 ## - MEDIA TYPE |
| Media type term |
computer |
| Media type code |
c |
| Source |
rdamedia |
| 338 ## - CARRIER TYPE |
| Carrier type term |
online resource |
| Carrier type code |
cr |
| Source |
rdacarrier |
| 347 ## - DIGITAL FILE CHARACTERISTICS |
| File type |
text file |
| Encoding format |
PDF |
| Source |
rda |
| 505 00 - FORMATTED CONTENTS NOTE |
| Title |
Frontmatter -- |
| -- |
Contents -- |
| -- |
CHAPTER 1 Introduction -- |
| -- |
CHAPTER 2 Military Technology, Geopolitics and Economic Development -- |
| -- |
CHAPTER 3 Ancient Middle Eastern Leadership -- |
| -- |
CHAPTER 4 Classical Pluralism -- |
| -- |
CHAPTER 5 Gupta Efflorescence -- |
| -- |
CHAPTER 6 Abbasid Golden Age and Sung Puzzle -- |
| -- |
CHAPTER 7 The Rise of the West -- |
| -- |
EPILOGUE The Contemporary Global State System -- |
| -- |
Bibliography -- |
| -- |
Index |
| 506 0# - RESTRICTIONS ON ACCESS NOTE |
| Standardized terminology for access restriction |
unrestricted online access |
| Source of term |
star |
| 520 ## - SUMMARY, ETC. |
| Summary, etc. |
Waves of military technological changes have swept through the Eurasian land mass since the dawn of civilization. Military technological changes decisively shaped geopolitics and the fortunes of states, empires and civilizations. In his book Jimmy Teng claims that to understand the impacts of these military technological changes is in fact to understand the causes behind the following major historical puzzles or important facts: the leading position of the Near East during the dawn of civilization; the splendid achievements of Greece, India and China during the axial era; the classical golden age of India under the Gupta Empire; the Abbasid Golden Age of the Islamic world and the Sung Puzzle of China during the medieval era; and the rise of the West during the early modern and modern era. |
| 538 ## - SYSTEM DETAILS NOTE |
| System details note |
Mode of access: Internet via World Wide Web. |
| 540 ## - TERMS GOVERNING USE AND REPRODUCTION NOTE |
| Terms governing use and reproduction |
This eBook is made available Open Access. Unless otherwise specified individually in the content, the work is licensed under the Creative Commons Attribution-NonCommercial-NoDerivatives (CC BY-NC-ND) license: |
| Uniform Resource Identifier |
<a href="https://creativecommons.org/licenses/by-nc-nd/3.0 ">https://creativecommons.org/licenses/by-nc-nd/3.0 </a> |
| -- |
<a href="https://www.degruyter.com/dg/page/open-access-policy">https://www.degruyter.com/dg/page/open-access-policy</a> |
| 546 ## - LANGUAGE NOTE |
| Language note |
In English. |
| 588 0# - SOURCE OF DESCRIPTION NOTE |
| Source of description note |
Description based on online resource; title from PDF title page (publisher's Web site, viewed 02. Feb 2021) |
| 650 #0 - SUBJECT ADDED ENTRY--TOPICAL TERM |
| Topical term or geographic name entry element |
Environmental indicators. |
| 650 #0 - SUBJECT ADDED ENTRY--TOPICAL TERM |
| Topical term or geographic name entry element |
Military art and science. |
| 650 #0 - SUBJECT ADDED ENTRY--TOPICAL TERM |
| Topical term or geographic name entry element |
Technology indicators. |
| 650 #7 - SUBJECT ADDED ENTRY--TOPICAL TERM |
| Topical term or geographic name entry element |
BUSINESS & ECONOMICS / General. |
| Source of heading or term |
bisacsh |
| 653 ## - INDEX TERM--UNCONTROLLED |
| Uncontrolled term |
Economic Development. |
| 653 ## - INDEX TERM--UNCONTROLLED |
| Uncontrolled term |
International Political Competition. |
| 653 ## - INDEX TERM--UNCONTROLLED |
| Uncontrolled term |
Military Technology. |
| 653 ## - INDEX TERM--UNCONTROLLED |
| Uncontrolled term |
World History. |
| 776 0# - ADDITIONAL PHYSICAL FORM ENTRY |
| Qualifying information |
EPUB |
| International Standard Book Number |
9783110399264 |
| 776 0# - ADDITIONAL PHYSICAL FORM ENTRY |
| Qualifying information |
print |
| International Standard Book Number |
9788376560588 |
| 856 40 - ELECTRONIC LOCATION AND ACCESS |
| Uniform Resource Identifier |
<a href="https://doi.org/10.2478/9788376560595">https://doi.org/10.2478/9788376560595</a> |
| Public note |
Open Access |
| -- |
0 |
| 856 40 - ELECTRONIC LOCATION AND ACCESS |
| Uniform Resource Identifier |
<a href="https://www.degruyter.com/isbn/9788376560595">https://www.degruyter.com/isbn/9788376560595</a> |
| Public note |
Open Access |
| -- |
0 |
| 856 42 - ELECTRONIC LOCATION AND ACCESS |
| Materials specified |
Cover |
| Uniform Resource Identifier |
<a href="https://www.degruyter.com/cover/covers/9788376560595.jpg">https://www.degruyter.com/cover/covers/9788376560595.jpg</a> |
| 942 ## - ADDED ENTRY ELEMENTS (KOHA) |
| Koha item type |
E-Book |